000 01604nam 22003133 4500
001 198944
010 _a978-972-41-4621-8
021 _aPT
_b272659/08
090 _a198944
100 _a20251110d u||y0pory50 ba
101 _apor
102 _aPT
200 _aSobre humanos e outros animais
_fJohn Gray
_gtradução Miguel Serras Pereira
205 _a
210 _aLisboa
_cLua de Papel
_d2017
215 _a191 p.
_cbrochado
_d24 cm
225 _aCiências humanas e sociais. Filosofia
304 _a - Título original: Straw dogs : thoughts on humans and other animals
330 _aA maioria dos filósofos ocidentais, desde Platão, diz-nos o mesmo: somos humanos. John Gray defende precisamente o contrário: se olharmos bem para o espelho, veremos um animal. Para provar a sua tese ele revê a história da humanidade. Procura os momentos chave que revelam a nossa bestialidade, observa-nos numa perspectiva interdisciplinar, socorre-se da biologia, da zoologia. E procura em 2.500 anos de pensamento as raras vozes - como as de Charles Darwin ou Fernando Pessoa - que corajosamente nos viram como de facto somos: os mais sofisticados predadores à face da Terra.
606 _97879
_aFilosofia. História da filosofia. Sistemas filosóficos
610 _aSistemas filosóficos segundo a atitude em relação à sociedade humana
610 _aComportamento social
675 _a141.7
_vPT
_zpor
675 _a316.64
_vPT
_zpor
700 _9966
_aGray
_bJohn
_f1948-
702 _94242
_aPereira
_bMiguel Serras
_f1949-
801 _aPT
_bBMMN
_gRPC
830 _cAna
_fAna
990 _cLIVROS